000 00491nam a2200193Ia 4500
005 20240802022354.0
008 240331s9999 xx 000 0 und d
020 _a0415089689
082 _bGEN
_a376
245 0 _aGender and Ethnicity in Schools
_bEthnographic Accounts
260 _aLondon
_bRoutledge
_c1993
300 _avi, 228 p.,
650 _aGender
650 _aEthnicity
650 _aCulture
700 _aWoods, Peter
_eedt
700 _aHammersley, Martyn
_eedt
942 _cL
999 _c2972
_d2972